00000000nam 2200000za 4500
0019.688211
003CaOODSP
00520210624231324
007cr |||||||||||
008150407s2006    onc|||||o    f|0| 0 eng d
020 |a0-662-42933-8
040 |aCaOODSP|beng
043 |an-cn---
0861 |aCH1-3/2006E-PDF
1101 |aCanada. |bCanadian Heritage.
24510|aGuide to Canadian Heritage financial support programs |h[electronic resource].
260 |aOttawa : |bCanadian Heritage, |c2006.
300 |a99 p.
500 |aThe catalogue number (CH1-3/2006) and ISBN (0-662-49050-9) for the bilingual print edition have been incorrectly copied in this electronic publication.
5203 |aThis is a guide to grants, bursaries, tax credits, and other financial support offered by the Department of Canadian Heritage under the following categories: Aboriginal, arts and culture, Canada’s heritage, digital future, multiculturalism, official languages, sport, and youth. A brief description of each program is followed by information about who can apply, when, and where. Because the programs change from time to time, readers are encouraged to visit the Department’s Web site (www.canadianheritage.gc.ca) for the most up-to-date information.
590 |a06-18|b2006-05-05
69007|aAid programs|2gcpds
69007|aFinancial assistance|2gcpds
69007|aHeritage|2gcpds
77508|tGuide des programmes d'appui financier de Patrimoine canadien |w(CaOODSP)9.632643
7760#|tGuide to Canadian Heritage financial support programs |w(CaOODSP)9.667413
7760#|tGuide des programmes d'appui financier de Patrimoine canadien |w(CaOODSP)9.667414
794 |tGuide to Canadian Heritage financial support programs |w(CaOODSP)9.689673
795 |tGuide to Canadian Heritage financial support programs |w(CaOODSP)9.687657
85640|ahttp://publications.gc.ca|qPDF|s991 KB|uhttps://publications.gc.ca/collections/Collection/CH1-3-2006E.pdf